00382nam a2200121Ia 4500001000800000005001700008008004100025020001800066245004400084260002200128999002100150952008900171127296720260417151438.0260417s9999 xx 000 0 und d a9789944695251 0aKuğu GecesicFerda İzbudak Akıncı bTudem Yayınları c1272967d1272967 00104070a1109b1109d2026-04-17l0p11092915r2026-04-17 15:14:38w2026-04-17yBK